| 000 | 00709cam a22002414a 4500 | ||
|---|---|---|---|
| 008 | |||
| 020 | _a0443073457 (pbk.) | ||
| 049 | _aMAIN | ||
| 090 |
_aRC591 _bCRO |
||
| 100 | 1 | _aCrockett, Antony. | |
| 245 | 1 | 0 |
_aAsthma : _byour questions answered / _cAntony Crockett. |
| 260 |
_aEdinburgh : _bChurchill Livingstone, _c2003. |
||
| 300 |
_a267 p. : _bill. ; _c21 cm. |
||
| 490 | 1 | _aYour questions answered | |
| 500 | _aIncludes index. | ||
| 504 | _aIncludes bibliographical references. | ||
| 650 | 0 |
_aAsthma _vPopular works. |
|
| 907 |
_a.b10266586 _b18-09-09 _c18-09-09 |
||
| 003 | |||
| 005 | 20230120204018.0 | ||
| 040 | _cNUST | ||
| 942 |
_cBOOKS _kRC591 _mCRO |
||
| 999 |
_c115547 _d115547 |
||